000
00300nam a22001337a 4500
020
_a
817826159-6
082
_a
823
_b
STE/B
100
_a
R.L. STEVENSON
245
_a
THE BLACK ARROW
260
_a
DELHI
_b
ROHAN BOOK COMPANY
_c
2003
300
_a
204
650
_a
MODERN ILLUSTRATED CLASSICS
942
_c
BK
999
_c
354
_d
354